U.S. Cities with the Most Spanish Speakers - Statistics

General Stats
  • This quiz has been taken 39,926 times
    21,551 since last reset
  • The average score is 14 of 24
Answer Stats
# City % % Correct
1,450,000 Los Angeles 40
98%
1,820,000 New York 23
95%
292,000 Miami 69
93%
424,000 Dallas 35
91%
802,000 Houston 37
91%
276,000 San Diego 21
87%
446,000 Phoenix 29
83%
608,000 Chicago 24
81%
184,000 Austin 20
78%
498,000 San Antonio 36
76%
406,000 El Paso 64
69%
153,000 Las Vegas 25
67%
160,000 Philadelphia 11
58%
206,000 San Jose 22
57%
132,000 Tucson 26
47%
218,000 Fort Worth 25
42%
149,000 Fresno 30
31%
133,000 Bakersfield 35
24%
134,000 Anaheim 41
20%
144,000 Long Beach 33
20%
145,000 Brownsville 83
19%
205,000 Laredo 87
19%
198,000 Santa Ana 67
14%
194,000 Hialeah 92
7%
No matching quizzes found
Score Distribution
Percent of People with Each Score
Percentile by Number Answered
Your Score History
You have not taken this quiz since the last reset